A modern book of esthetics : An anthology

में बचाया:
ग्रंथसूची विवरण
मुख्य लेखक: Rader, Melvin M.
स्वरूप: पुस्तक
भाषा:Undetermined
प्रकाशित: New York H. Holt and Company 1935
विषय:
टैग : टैग जोड़ें
कोई टैग नहीं, इस रिकॉर्ड को टैग करने वाले पहले व्यक्ति बनें!
Thư viện lưu trữ: Trung tâm Học liệu Trường Đại học Cần Thơ
LEADER 00504nam a2200193Ia 4500
001 CTU_90275
008 210402s9999 xx 000 0 und d
082 |a 701 
082 |b R126 
100 |a Rader, Melvin M. 
245 2 |a A modern book of esthetics : 
245 3 |b An anthology 
245 0 |c Melvin M. Rader 
260 |a New York 
260 |b H. Holt and Company 
260 |c 1935 
650 |a Aesthetics 
904 |i Nguyên,Hải 
980 |a Trung tâm Học liệu Trường Đại học Cần Thơ